|
|
|
|
| LEADER |
00841naa a2200229 i 4500 |
| 001 |
acta66890 |
| 005 |
20230222114240.0 |
| 008 |
200507s2019 hu o 1|| hun d |
| 020 |
|
|
|a 978-615-00-7087-2
|
| 040 |
|
|
|a SZTE Egyetemi Kiadványok Repozitórium
|b hun
|
| 041 |
|
|
|a hun
|
| 100 |
1 |
|
|a Németh István
|
| 245 |
1 |
0 |
|a Előszó
|h [elektronikus dokumentum] /
|c Németh István
|
| 260 |
|
|
|c 2019
|
| 300 |
|
|
|a 6-7
|
| 490 |
0 |
|
|a Magyar 200 : Szombathelyi tudományos konferencia és megemlékezés
|
| 650 |
|
4 |
|a Természettudományok
|
| 650 |
|
4 |
|a Föld- és kapcsolódó környezettudományok
|
| 695 |
|
|
|a előszó
|
| 700 |
0 |
1 |
|a Rákóczi István
|
| 711 |
|
|
|a Magyar 200 : szombathelyi tudományos konferencia és megemlékezés
|c Szombathely
|d 2019
|
| 856 |
4 |
0 |
|u http://acta.bibl.u-szeged.hu/66890/1/2019_magyar_200_006-007.pdf
|z Dokumentum-elérés
|